000 00737nam a2200289Ia 4500
005 20260324121124.0
008 008 260324s9999 xx 000 0 eng d
020 _a9781351279048
037 _aEBOOK
040 _aCRL
040 _beng
040 _cCRL
041 _2eng
041 _aeng
084 _qCRL
100 _aNick Lakin; Veronica Scheubel
_91161276
245 0 _aCorporate Community Involvement
245 4 _bThe Definitive Guide to Maximizing Your Business' Societal Engagement
260 _bTaylor and Francis
260 _c2014
365 _a
365 _b55.99
856 _uhttp://www.taylorfrancis.com/books/9781351279048
942 _cEBOOK
999 _c1753186
_d1753186